000 01997nam a2200421 c 4500
003 BLK
005 20241029111750.0
008 180411b bul|||||r ||||||| ||bul||
010 _aKNG00205156000
020 _a978-619-90421-9-9
_bиздат.: Пощенска кутия за приказки
040 _aBLK
041 _aBUL
_cBUL
072 7 _2bullib
_aН84
_xБългарска художествена литература Н
080 _aБългарска литература
_b821.163.2
_x-32
_z821.163.2-32
100 1 _aМихова, Мила
_eпърви автор
_9347203
700 1 _aМирчева, Йоана
_e*
_9347204
700 1 _aБолярска, Малвина
_e*
_9347205
700 1 _aНайденова, Ралица
_e*
_9347206
700 1 _aЦветкова, Цветелина
_e*
_9347207
700 1 _aАлексиева, Албена
_e*
_9347208
700 1 _aВидас, Полина
_e*
_9347209
700 1 _aСтанчева, Надя
_e*
_9369115
139 _aЖенски работи
_bЖ 39
245 1 0 _aЖенски работи
_bСб. с разкази
_cМила Михова; * Йоана Мирчева; * Малвина Болярска; * Ралица Найденова; * Цветелина Цветкова; * Албена Алексиева; * Полина Видас; * Надя Станчева.
257 _aBGR
260 София
_bПощенска кутия за приказки
_c2017
300 _a143 с.
_c21 см
380 _aX
500 _aДруги авт. : Й. Мирчева, М. Болярска, Р. Найденова, Цв. Цветкова, А. Алексиева, П. Видас, Н. Станчева.
653 _aразкази
659 _aН
852 _aЦб 284925
856 4 _qpdf
_u
856 4 _qpdf
_u
942 _cKNG
_n0
_09
944 _aCR
_c18.04.2017
_lМинев Младен
_k30530
944 _aED
_c18.12.2017
_lф /
_kПенка_Димитрова
999 _c195901
_d195901